| 000 | 00569nam a22001813a 4500 | ||
|---|---|---|---|
| 005 | 20210223124524.0 | ||
| 008 | 011016s1994 mx r 000 0 spa d | ||
| 020 | _a9706250530 | ||
| 035 | _aUPN01000114247 | ||
| 049 | _aCG | ||
| 050 | 4 |
_aHB74.5 _bS2.4 |
|
| 100 | 1 |
_aSchettino Yáñez, Macario _932254 |
|
| 245 | 1 | 0 |
_aEconomía contemporánea : _bun enfoque para México y América Latina / _cMacario Schettino. |
| 260 |
_aMéxico : _bIberoamericana, _c1994. |
||
| 300 |
_a404 p. : _bil. |
||
| 650 | 4 |
_aECONOMIA - _xESTUDIO Y ENSEÑANZA (SUPERIOR) _95478 |
|
| 905 | _aLibro | ||
| 999 |
_c88155 _d88155 |
||